[Event "BRA-ch Amateur U1800"]
[Site "Sao Paulo"]
[Date "2019.06.23"]
[Round "7"]
[White "Paula, Hugo de Araujo"]
[Black "De Sousa E Silva, Luis Gonzaga"]
[Result "1-0"]
[WhiteElo "1557"]
[BlackElo "1298"]
[PlyCount "99"]
[EventDate "2019.06.20"]
[EventType "swiss"]
[EventRounds "7"]
[EventCountry "BRA"]
[SourceTitle "CBM 195 Extra"]
[Source "ChessBase"]
[SourceDate "2020.05.31"]
[SourceVersion "1"]
[SourceVersionDate "2020.05.31"]
[SourceQuality "1"]

1. d4 g6 2. Nf3 Nf6 3. e3 Bg7 4. c4 d6 5. Be2 0-0 6. 0-0 Bf5 7. Nc3 Nbd7 8. Nh4 Be4 9. Nxe4 Nxe4 10. Qc2 Ng5 11. Nf3 Nxf3+ 12. Bxf3 c6 13. b3 e5 14. Bb2 Qh4 15. Rad1 Rfd8 16. g3 Qe7 17. Rfe1 Rab8 18. d5 c5 19. Bg2 f5 20. Re2 a6 21. Ree1 b5 22. Bf1 b4 23. Be2 a5 24. Kg2 Ra8 25. Rh1 Ra7 26. h4 Nf6 27. h5 Qf7 28. hxg6 Qxg6 29. Bd3 e4 30. Be2 Rf8 31. Rh4 Raf7 32. Rdh1 Ng4 33. Bxg7 Rxg7 34. Bxg4 fxg4 35. R1h2 Qf5 36. Qe2 Rff7 37. Rh6 Rf6 38. R6h5 Qg6 39. Qc2 Qe8 40. Rh6 Rgf7 41. Rxf6 Rxf6 42. Rh4 Qg6 43. Qe2 h5 44. Qb2 Qf5 45. Rxh5 Qxh5 46. Qxf6 Qh3+ 47. Kg1 Qh8 48. Qxd6 Qa1+ 49. Kg2 Qd1 50. Qg6+ 1-0

[Event "BRA-ch Amateur U1800"]
[Site "Sao Paulo"]
[Date "2019.06.22"]
[Round "6"]
[White "Teramoto, Anderson"]
[Black "Paula, Hugo de Araujo"]
[Result "1/2-1/2"]
[WhiteElo "1674"]
[BlackElo "1557"]
[PlyCount "86"]
[EventDate "2019.06.20"]
[EventType "swiss"]
[EventRounds "7"]
[EventCountry "BRA"]
[SourceTitle "CBM 195 Extra"]
[Source "ChessBase"]
[SourceDate "2020.05.31"]
[SourceVersion "1"]
[SourceVersionDate "2020.05.31"]
[SourceQuality "1"]

1. d4 d5 2. c4 e6 3. Nc3 Nf6 4. e3 Nbd7 5. Nf3 c6 6. cxd5 Nxd5 7. Nxd5 exd5 8. Bd3 Be7 9. 0-0 Nf6 10. Ne5 Nd7 11. Nxd7 Bxd7 12. b3 0-0 13. Bb2 Bf6 14. Rc1 g6 15. Bb1 Bg7 16. f3 Re8 17. e4 dxe4 18. fxe4 Qg5 19. Qf3 Be6 20. Bc3 Bh6 21. Rce1 Qd8 22. Kh1 Bg7 23. Rd1 Qd7 24. h3 Rad8 25. Rd3 f5 26. e5 Bd5 27. Qg3 b6 28. Rdd1 a5 29. Kg1 Qe6 30. Bc2 Ra8 31. Bb2 Bf8 32. h4 Re7 33. Bxf5 Qf7 34. h5 Qg7 35. hxg6 hxg6 36. Bh3 Rf7 37. e6 Rxf1+ 38. Rxf1 Ra7 39. Qf4 Qh6 40. Bc1 Qxf4 41. Bxf4 a4 42. Rb1 axb3 43. axb3 c5 1/2-1/2

[Event "BRA-ch Amateur U1600"]
[Site "Sao Paulo"]
[Date "2017.10.13"]
[Round "4"]
[White "Paula, Hugo de Araujo"]
[Black "Sakiyama, Enzo Tetsuo"]
[Result "1-0"]
[WhiteElo "1585"]
[BlackElo "1374"]
[PlyCount "103"]
[EventDate "2017.10.12"]
[EventType "swiss"]
[EventRounds "7"]
[EventCountry "BRA"]
[SourceTitle "EXT 2022"]
[Source "ChessBase"]
[SourceDate "2021.10.06"]
[SourceVersion "1"]
[SourceVersionDate "2021.10.06"]
[SourceQuality "1"]

1. e4 d5 2. exd5 Nf6 3. c4 e6 4. Qe2 Qe7 5. Nc3 exd5 6. cxd5 Qxe2+ 7. Bxe2 Bc5 8. Nf3 0-0 9. 0-0 Bg4 10. h3 Bh5 11. g4 Bg6 12. d4 Bb4 13. Bc4 Bxc3 14. bxc3 Be4 15. Ng5 Bxd5 16. Bxd5 Nxd5 17. c4 Nb4 18. c5 Nd5 19. Bb2 Nc6 20. Rfe1 Rfe8 21. Nf3 Rad8 22. Rxe8+ Rxe8 23. Re1 Rxe1+ 24. Nxe1 Kf8 25. Nd3 Ke7 26. f4 Ncb4 27. Nxb4 Nxb4 28. a3 Nd3 29. Bc3 Nxf4 30. Bb4 Nxh3+ 31. Kh2 Ng5 32. c6+ Ke6 33. cxb7 Nf3+ 34. Kg3 Nxd4 35. b8Q f5 36. Qxa7 Ne2+ 37. Kf3 Ng1+ 38. Qxg1 fxg4+ 39. Qxg4+ Kf6 40. Bc3+ Kf7 41. Qxg7+ Ke6 42. Qxh7 c6 43. Ke4 Kd6 44. Bd4 c5 45. Qh6+ Ke7 46. Bxc5+ Kf7 47. Kf5 Ke8 48. Qe6+ Kd8 49. Qe7+ Kc8 50. Bb6 Kb8 51. Qc7+ Ka8 52. Qc8# 1-0

[Event "Muriae op 4th"]
[Site "Muriae"]
[Date "2017.03.25"]
[Round "1"]
[White "Dos Santos, Fabiano Duarte"]
[Black "Paula, Hugo de Araujo"]
[Result "1-0"]
[WhiteElo "1770"]
[BlackElo "1789"]
[PlyCount "79"]
[EventDate "2017.03.25"]
[EventType "swiss"]
[EventRounds "5"]
[EventCountry "BRA"]
[SourceTitle "CBM 177 Extra"]
[Source "ChessBase"]
[SourceDate "2017.04.27"]
[SourceVersion "1"]
[SourceVersionDate "2017.04.27"]
[SourceQuality "1"]

1. Nf3 Nf6 2. g3 g6 3. Bg2 Bg7 4. c4 d6 5. 0-0 0-0 6. Nc3 e5 7. d3 a5 8. Bd2 Na6 9. Rb1 Nc5 10. Be3 Ng4 11. Bxc5 dxc5 12. h3 Nh6 13. Qd2 Nf5 14. g4 Nh4 15. Nxh4 Qxh4 16. Qe3 Qe7 17. Ne4 f5 18. gxf5 Bxf5 19. Qxc5 Qh4 20. Qe3 Bxe4 21. Qxe4 Qxe4 22. Bxe4 c6 23. a3 Rf6 24. b4 axb4 25. Rxb4 Rxa3 26. Rxb7 Bf8 27. Rc7 Ra6 28. Rb1 Bc5 29. Rb8+ Bf8 30. Kg2 Ra2 31. Bf3 Ra6 32. Rbc8 Rb6 33. Bxc6 Ra6 34. Bd5+ Kh8 35. Re8 Rad6 36. Rxe5 Rd8 37. Re6 Rxe6 38. Bxe6 Re8 39. Bg4 Bd6 40. Rc8 1-0